モーニング娘。 歴代シングルのタイトル - Statistics

General Stats
  • This quiz has been taken 80 times
  • The average score is 33 of 104
Answer Stats
発売順 タイトル % Correct
7th LOVEマシーン
89%
11th 恋愛レボリューション21
87%
1st モーニングコーヒー
84%
9th ハッピーサマーウェディング
66%
8th 恋のダンスサイト
61%
12th ザ☆ピ~ス!
61%
10th I WISH
58%
2nd サマーナイトタウン
55%
インディーズ 愛の種
53%
6th ふるさと
50%
19th シャボン玉
47%
3rd 抱いてHOLD ON ME!
45%
50th One・Two・Three
45%
15th Do it! Now
42%
4th Memory 青春の光
42%
5th 真夏の光線
39%
35th みかん
39%
41st 気まぐれプリンセス
39%
23rd 女子かしまし物語
37%
44th 女と男のララバイゲーム
37%
48th ピョコピョコ ウルトラ
37%
61st 泡沫サタデーナイト!
37%
46th Only you
37%
55th What is LOVE?
37%
47th この地球の平和を本気で願ってるんだよ!
34%
49th 恋愛ハンター
34%
54th わがまま 気のまま 愛のジョーク
34%
64th 若いんだし!
34%
68th 人間関係No way way
34%
14th そうだ! We're ALIVE
34%
17th モーニング娘。のひょっこりひょうたん島
32%
45th まじですかスカ!
32%
58th 青春小僧が泣いている
32%
62nd セクシーキャットの演説
32%
52nd Help me!!
32%
68th LOVEペディア
32%
56th Password is 0
32%
70th Teenage Solution
32%
50th The 摩天楼ショー
32%
36th リゾナント ブルー
29%
39th しょうがない 夢追い人
29%
42nd 女が目立って なぜイケナイ
29%
55th 笑顔の君は太陽さ
29%
55th 君の代わりは居やしない
29%
57th 見返り美人
29%
59th 今すぐ飛び込む勇気
29%
62nd そうじゃない
29%
63rd ジェラシー ジェラシー
29%
66th フラリ銀座
29%
66th 自由な国だから
29%
70th ビートの惑星
29%
65th A gonna
29%
65th Are you Happy?
29%
67th 人生Blues
29%
71st Chu Chu Chu 僕らの未来
29%
67th 青春Night
29%
29th SEXY BOY ~そよ風に寄り添って~
29%
31st 歩いてる
26%
53rd ブレインストーミング
26%
60th 冷たい風と片思い
26%
62nd ムキダシで向き合って
26%
64th 弩級のゴーサイン
26%
69th ギューされたいだけなのに
26%
70th よしよししてほしいの
26%
72nd Happy birthday to Me!
26%
64th 邪魔しないで Here We Go!
26%
68th KOKORO&KARADA
26%
24th 涙が止まらない放課後
24%
27th 色っぽい じれったい
24%
33rd 悲しみトワイライト
24%
38th 泣いちゃうかも
24%
40th なんちゃって恋愛
24%
43rd 青春コレクション
24%
53rd 君さえ居れば何も要らない
24%
54th 愛の軍団
24%
58th 夕暮れは雨上がり
24%
69th 純情エビデンス
24%
18th AS FOR ONE DAY
24%
63rd BRAND NEW MORNING
24%
60th ENDLESS SKY
24%
20th Go Girl ~恋のヴィクトリー~
24%
13th Mr.Moonlight ~愛のビッグバンド~
24%
71st 大・人生 Never Been Better!
24%
60th One and Only
24%
72nd Swing Swing Paradise
24%
16th ここにいるぜぇ!
21%
26th 大阪 恋の歌
21%
34th 女に 幸あれ
21%
37th ペッパー警部
21%
56th 時空を超え 宇宙を超え
21%
28th 直感2 ~逃した魚は大きいぞ!~
21%
22nd 浪漫 ~MY DEAR BOY~
21%
51st ワクテカ Take a chance
21%
25th THE マンパワー!!!
21%
57th TIKI BUN
21%
57th シャバダバ ドゥ~
18%
58th イマココカラ
18%
30th Ambitious! 野心的でいいじゃん
18%
21st 愛あらばIT'S ALL RIGHT
18%
59th Oh my wish!
18%
61st Tokyoという片隅
18%
32nd 笑顔YESヌード
18%
59th スカッとMy Heart
16%
61st The Vision
13%
No matching quizzes found
Score Distribution
Percent of People with Each Score
Percentile by Number Answered
Your Score History
You have not taken this quiz